00661nam a2200193Ia 4500952014700000999001700147003000400164005001700168008004100185020001800226040000900244082002200253100001800275245005900293260004200352300000900394650001400403942005000417 00102ddc40708SSaMESbMEScMALd2019-02-20g400.00l3m1o894.812301 AUT/Mp40465r2025-02-21 11:44:19s2025-02-04w2019-02-20yBKzGR30R1 c30166d30166OSt20201230094202.0190216s9999||||xx |||||||||||||| ||und|| a9788182671867 coclc a894.812301bAUT/M aAuthors91880 0aMathrubhumi Aazhchappathippu Kathakal 2016 /cAuthors bMathrubhumi Books,c2017.aKozhikode: a414p aMalayalam cBK2ddch894.812301iAUT/Mk894.812301mAUT/M